Music Quiz

Random Music or Album Quiz

Best Selling SPORCLE Albums Quiz Stats

 Plays Quiz Updated Mar 19, 2020

     
Support Sporcle.
Go Orange.
Score 0/60 Timer 10:00
0 Plays Today
Artist/Album % Correct
Led Zeppelin
93.8%
AC/DC
91.1%
Spice
87.2%
Guns N' Roses
87%
Spice Girls
86.6%
Thriller
85%
Oasis
83.3%
Bruce Springsteen
81.7%
Michael Jackson
81.5%
Cher
80.9%
The Beatles
80.8%
Purple Rain
80.4%
Britney Spears
80%
Bee Gees
77%
Def Leppard
76.4%
Sgt. Pepper's Lonely Hearts Club Band
76%
Celine Dion
72.3%
Prince & the Revolution
72.2%
Carole King
70.4%
Adele
68.4%
Usher
67.5%
Ace of Base
66.5%
Back in Black
65.3%
Born in the U.S.A.
63.7%
Simon & Garfunkel
62.6%
Alanis Morissette
60.5%
...Baby One More Time
60.1%
Confessions
59.8%
Appetite for Destruction
56.5%
Fleetwood Mac
56.3%
Artist/Album % Correct
Slippery When Wet
55.9%
Jagged Little Pill
55.1%
Bridge over Troubled Water
51.6%
(What's the Story) Morning Glory?
50.9%
U2
50.6%
Rumours
50.3%
'Led Zeppelin IV' or 'Zoso' or untitled
49.2%
Pink Floyd
49.2%
Eminem
47.4%
21
46.8%
Bon Jovi
46.1%
The Joshua Tree
46%
Believe
45.8%
The Dark Side of the Moon
45.5%
The Marshall Mathers LP
42.9%
Billy Ray Cyrus
39.6%
The Sign
39.1%
Mariah Carey
37.5%
Tapestry
35.5%
Bat Out of Hell
34%
Dire Straits
33%
Meat Loaf
32.7%
Backstreet Boys
32.2%
Let's Talk About Love
31%
Hysteria
27.2%
Brothers in Arms
24.2%
Music Box
22.1%
Some Gave All
14.4%
Millennium
12.7%
Spirits Having Flown
7.2%

From the Vault

Books Missing 'M' Words

by kfastic

Well sometimes you just need to leave a letter out.
Remove Ads.
Support Sporcle.
Get the best of Sporcle when you Go Orange. This ad-free experience offers more features, more stats, and more fun while also helping to support Sporcle. Thank you for becoming a member.

Show Comments

Extras

Top Quizzes Today


Score Distribution

Your Account Isn't Verified!

In order to create a playlist on Sporcle, you need to verify the email address you used during registration. Go to your Sporcle Settings to finish the process.

Report this User

Report this user for behavior that violates our Community Guidelines.

Details: